01000nam a2200241Ia 4500003000400000005001700004008004100021020001800062040001800080041000800098082002300106100003700129245011500166250001200281260003900293300002800332650008900360650005100449700003700500942003600537999001900573952016600592OSt20250307114848.0210716s2010 xx 000 0 und d a9788190210096 cAIMIT LIBRARY aeng a658.4062 21bGEIE aWickramasinghe, Nilmini.9204810 aPrinciples of knowledge management: btheory practice and cases /cBy Elie Geisler and Nilmini Wickramasinghe. a1st ed. aNew Delhi ;c2010.bSigment Books: axii,322p. ;bPBc24 cm. aMetrics and impacts of knowledge management and knowledge management systems9204784 aDesigning knowledge management systems9204785 aWickramasinghe, Nilmini.9204786 2ddccBKe1st ed.k658.4062 GEIE c206773d206773 00102ddc40708MBAaAIMITbAIMITd2011-10-11g425.00iBill no:1066; Bill dt:2011-09-20l0o658.4062 GEIEpMBA09339r2026-05-23 00:00:00v318.75w2021-07-16yBK